Most Populated City in Each County in Oklahoma - Statistics

General Stats
  • This quiz has been taken 31 times
  • The average score is 50 of 77
Answer Stats
County City Pop. City % Correct
Oklahoma 687,725 Oklahoma City
100%
Tulsa 411,401 Tulsa
100%
Comanche 91,055 Lawton
89%
Cleveland 128,097 Norman
89%
Payne 48,134 Stillwater
89%
Pontotoc 16,842 Ada
83%
Carter 24,893 Ardmore
83%
Washington 37,384 Bartlesville
83%
Garfield 50,566 Enid
83%
Texas 12,561 Guymon
83%
Ottawa 12,885 Miami
83%
Muskogee 36,790 Muskogee
83%
Okmulgee 11,298 Okmulgee
83%
Seminole 7,068 Seminole
83%
Pottawatomie 31,576 Shawnee
83%
Atoka 3,188 Atoka
78%
Cimarron 1,142 Boise City
78%
Bryan 19,088 Durant
78%
Kingfisher 4,813 Kingfisher
78%
Nowata 3,481 Nowata
78%
Kay 24,398 Ponca City
78%
Cherokee 16,463 Tahlequah
78%
Woodward 11,998 Woodward
78%
Stephens 22,745 Duncan
72%
Beckham 11,570 Elk City
72%
Choctaw 5,174 Hugo
72%
Pittsburg 18,244 McAlester
72%
Osage 2,948 Pawhuska
72%
LeFlore 8,822 Poteau
72%
Craig 5,189 Vinita
72%
Lincoln 2,890 Chandler
67%
Rogers 19,419 Claremore
67%
Delaware 7,033 Grove
67%
Logan 11,029 Guthrie
67%
McCurtain 7,004 Idabel
67%
Sequoyah 8,483 Sallisaw
67%
Canadian 24,623 Yukon
67%
Jackson 18,717 Altus
61%
Woods 4,997 Alva
61%
Pushmataha 2,184 Antlers
61%
Beaver 1,238 Beaver
61%
McIntosh 3,043 Checotah
61%
Grady 15,786 Chickasha
61%
Hughes 5,775 Holdenville
61%
Marshall 3,969 Madill
61%
Creek 22,213 Sapulpa
61%
Haskell 2,691 Stigler
61%
Adair 3,640 Stilwell
61%
Custer 11,980 Weatherford
61%
Caddo 5,990 Anadarko
56%
Coal 1,652 Coalgate
56%
Harmon 1,747 Hollis
56%
Okfuskee 3,061 Okemah
56%
Garvin 6,031 Pauls Valley
56%
Noble 4,527 Perry
56%
Latimer 2,334 Wilburton
56%
Wagoner 10,149 Coweta
50%
Major 2,692 Fairview
50%
Tillman 3,504 Frederick
50%
Kiowa 3,376 Hobart
50%
Love 2,834 Marietta
50%
McClain 12,204 Newcastle
50%
Mayes 9,453 Pryor Creek
50%
Murray 4,904 Sulphur
50%
Johnston 2,961 Tishomingo
50%
Cotton 2,390 Walters
50%
Blaine 2,633 Watonga
50%
Roger Mills 755 Cheyenne
44%
Pawnee 3,214 Cleveland
44%
Greer 2,677 Mangum
44%
Grant 892 Medford
44%
Washita 2,768 New Cordell
44%
Jefferson 1,886 Waurika
44%
Harper 1,198 Laverne
39%
Dewey 838 Seiling
39%
Ellis 1,243 Shattuck
39%
Alfalfa 1,413 Helena
28%
No matching quizzes found
Score Distribution
Percent of People with Each Score
Percentile by Number Answered
Your Score History
You have not taken this quiz